Quick General Knowledge - Statistics

General Stats
  • This quiz has been taken 27 times
  • The average score is 11 of 20
Answer Stats
Hint Answer % Correct
What is the orca most commonly known as? Killer Whale
88%
What ocean is the country the Maldives in? Indian
84%
What is the term called for a temporary sleep disporder casued by rapid travel across mutliple time zones? Jet Lag
84%
What is the name of Sherlock Holmes' assistant? Watson
84%
Anne Frank's diary was originally written in what language? Dutch
72%
What international clothing brand is actually called "Hennes & Mauritz?" H&M
68%
What venetian explorer served kublai and wrote about his travels in Asia? Marco Polo
68%
In Romeo and Juliet, Juliet is a member of which house? Capulet
64%
In the Greek alphabet, Theta represents which number? 8
52%
In Buddhism, what is the ultimate goal that one strives to achieve? Nirvana
52%
What does the brand Folgers make? Coffee
48%
What type of animals does cashmere come from? Goat
48%
What American telecommunications company used the slogan "Hello, Moto?" Motorola
48%
What is the name of a Japanese mattress used as a bed? Futon
44%
In the sport of curling, what is the curling stone made of? Granite
44%
Which European country has the lowest population density? Iceland
44%
What is the capital of Vermont? Montpelier
40%
What is the third largest car rental company in the US? Avis
24%
What element can be added to gasoline or petrol to eliminate knock engines? Lead
16%
Which hockey franchise has the longest drought of a Stanley Cup? Toronto Maple Leafs
16%
No matching quizzes found
Score Distribution
Percent of People with Each Score
Percentile by Number Answered
Your Score History
You have not taken this quiz